Anhelo de justicia: teoría crítica y religión
Wedi'i Gadw mewn:
| Prif Awdur: | |
|---|---|
| Fformat: | Llyfr |
| Iaith: | Sbaeneg |
| Cyhoeddwyd: |
Madrid
Trotta
2000
|
| Rhifyn: | 1a. ed |
| Cyfres: | Colección Estructuras y Procesos
Serie Religión |
| Pynciau: | |
| Tagiau: |
Ychwanegu Tag
Dim Tagiau, Byddwch y cyntaf i dagio'r cofnod hwn!
|
MARC
| LEADER | 00000cam a2200000 a 4500 | ||
|---|---|---|---|
| 001 | UCE8980 | ||
| 003 | CL-VaPUC | ||
| 008 | 150911e20000000sp |||||||||||||||||spa|d | ||
| 020 | |a 9788481644005 | ||
| 082 | 0 | 4 | |a 142 |b HOR |2 21 |
| 100 | |a Horkheimer, Max |e autor |9 402295 | ||
| 245 | 1 | 0 | |a Anhelo de justicia: teoría crítica y religión |
| 250 | |a 1a. ed | ||
| 300 | |a 242 p | ||
| 942 | |c BK | ||
| 945 | |d 20150911 12:29:00 |a gsalatino | ||
| 260 | |a Madrid |b Trotta |c 2000 | ||
| 650 | 0 | |a Sociología |9 255410 | |
| 650 | 0 | |a Dialéctica |9 257902 | |
| 650 | 0 | |a Filosofía crítica |9 393212 | |
| 583 | |a last modification |c 20150911 12:29:00 |k Rodrigo Vera | ||
| 490 | 0 | |a Colección Estructuras y Procesos | |
| 490 | 0 | |a Serie Religión | |
| 999 | |c 360729 |d 360727 | ||
| 952 | |0 0 |1 0 |3 erb |4 0 |6 142_000000000000000_HOR_2000 |7 0 |8 A |9 470650 |a BIBEDU |b BIBEDU |i 5198372 |o 142 HOR 2000 |p 5198372 |r 2019-11-23 |w 2019-11-23 |y BK |z Catalogado en:20150911 |k FIL | ||